000 00796nam a2200265Ia 4500
003 OSt
005 20220926021519.0
006 a|||||r|||| 00| 0
007 ta
008 220923b |||||||| |||| 00| 0 eng d
020 _a9211124476
037 _cGeneral Book
040 _aRTL
_cRTL
_beng
041 _2eng
_aeng
082 _aX991, N9/UN
110 _aUnited Nations Conference On Trade And Development
_922209
245 0 _aTransfer pricing
260 _aNew York
_bUnited Nation
_c1999
300 _aix, 58p
_ccm.
490 _aIts series on Issues in International Investment Agreements
650 _aGlobalization
700 _aUnited Nations Conference On Trade And Development
_922210
942 _hX991, N9/UN
_cGB
_2CC
999 _c636987
_d636987